[Event "Montevideo Duchamp Cup 6th"]
[Site "Montevideo"]
[Date "2023.02.07"]
[Round "5"]
[White "Francisco Guecamburu, Candela Be"]
[Black "Benitez, Andres"]
[Result "1-0"]
[WhiteElo "2279"]
[BlackElo "1974"]
[PlyCount "113"]
[EventDate "2023.02.03"]
[EventType "swiss"]
[EventRounds "9"]
[EventCountry "URU"]
[SourceTitle "CBM 212 Extra"]
[Source "ChessBase"]
[SourceDate "2023.03.31"]
[SourceVersion "1"]
[SourceVersionDate "2023.03.31"]
[SourceQuality "1"]

1. e4 e5 2. Nf3 Nc6 3. Bb5 a6 4. Ba4 Nf6 5. d3 Bc5 6. c3 d6 7. h3 Ba7 8. 0-0 0-0 9. Re1 h6 10. Nbd2 Ne7 11. Nf1 Ng6 12. Ng3 c5 13. Bc2 Re8 14. a4 d5 15. a5 Be6 16. Ba4 Bd7 17. c4 d4 18. Nf5 Bb8 19. Bxd7 Qxd7 20. g3 Kh7 21. Kh2 Ng8 22. h4 f6 23. h5 N6e7 24. g4 Nc6 25. Rg1 Nge7 26. Bd2 Nd8 27. N3h4 Nf7 28. b4 cxb4 29. Bxb4 Nxf5 30. gxf5 Ng5 31. Bd2 Bd6 32. Rb1 Qc7 33. Nf3 Bc5 34. Kg2 Reb8 35. Rh1 b5 36. cxb5 Rxb5 37. Rxb5 axb5 38. Qb3 b4 39. Bxg5 fxg5 40. Qe6 Qd6 41. Nxe5 Qxe6 42. fxe6 Rxa5 43. Ng6 b3 44. Rb1 Rb5 45. e7 Rb8 46. Rxb3 Re8 47. Rb5 Ba3 48. Kf3 Kg8 49. Kg4 Kf7 50. Rf5+ Kg8 51. f3 Bxe7 52. Re5 Kf7 53. Kf5 Bd6 54. Rd5 Re6 55. e5 Ba3 56. Rd7+ Be7 57. Nh8+ 1-0

[Event "Las Canas Easter op 1st"]
[Site "Las Canas"]
[Date "2022.04.16"]
[Round "2"]
[White "Benitez, Andres"]
[Black "Escalada, Fernando"]
[Result "1-0"]
[WhiteElo "1952"]
[BlackElo "1663"]
[PlyCount "45"]
[EventDate "2022.04.16"]
[EventType "swiss"]
[EventRounds "5"]
[EventCountry "URU"]
[SourceTitle "CBM 207 Extra"]
[Source "ChessBase"]
[SourceDate "2022.05.31"]
[SourceVersion "1"]
[SourceVersionDate "2022.05.31"]
[SourceQuality "1"]

1. e4 e5 2. Nf3 d6 3. d4 exd4 4. Nxd4 Nf6 5. Nc3 Be7 6. Bf4 Bd7 7. Be2 Nc6 8. f3 a6 9. Qd2 b5 10. Nxc6 Bxc6 11. 0-0-0 b4 12. Nd5 a5 13. g4 Nd7 14. Kb1 Bf6 15. g5 Be5 16. Be3 g6 17. f4 Bg7 18. Bd4 Bxd5 19. Bxg7 Rg8 20. Bh6 Bc6 21. Rhe1 Qc8 22. Bg4 Qb8 23. e5 1-0